| 000 | 00783cam a22002411 4500 | ||
|---|---|---|---|
| 001 | ne 62001255 | ||
| 003 | DLC | ||
| 005 | 20260227111737.0 | ||
| 008 | 891026s1960 ua ab b 000 0 ara c | ||
| 010 | _ane 62001255 | ||
| 035 | _a(OCoLC)20553148 | ||
| 040 |
_aPrinceton Univ. Libr. for LC _cWaU _dWaU _dDLC |
||
| 042 | _apremarc | ||
| 043 | _af-ua--- | ||
| 050 | 0 | 0 |
_aDT96 _b.T3 |
| 100 | 1 | _aṬarkhān, Ibrāhīm Àlī. | |
| 245 | 1 | 0 |
_aMiṣr fī ʻaṣr dawlat al-mamālik al-Charākisah, 1382-1517. _cTaʼlīf Ibrāhīm ʻAlī Ṭarkhān. |
| 260 |
_aal-Qāhirah, _bMaktabat al-Nahḍah al-Miṣrīyah _c[1960] |
||
| 300 |
_a16, 375 p. _billus., maps. _c20 cm. |
||
| 440 | 0 |
_aAlf kitāb ; _v279 |
|
| 504 | _aBibliography: p. [345]-361. | ||
| 651 | 0 |
_aEgypt _xHistory _y1250-1517. |
|
| 999 |
_c45232 _d45232 |
||